000 00556nam a2200205 4500
003 OSt
005 20220810123056.0
008 220810b |||||||| |||| 00| 0 eng d
020 _a0855540630
040 _cIFM Library
082 _a004
100 _aWest, Brian {ed}
_91916
245 _aBasic Computing Principles.
250 _a2nd ed.
260 _aOxford Road:
_bNCC Blackwell.
_c1991
300 _a241p.:ill.;25cm
500 _aIncludes bibliographical references and Index
650 _aBasic Computing Principles
_9826
942 _cBK
_2ddc
_n0
999 _c12250
_d12250